00469nam a22001457a 4500020001800000082001600018100001600034245005800050260003700108300001100145563000800156942001200164999001900176952012800195 a9781352010718 a345.41bJAM aJames, Mark aCore Statutes on Criminal Law 2020-2021 /cMark James aLondon:bRed Globe Press,c2020. a218 p. aPB. 2ddccBK c613786d613786 00102ddc406345_410000000000000_JAM709639727aNLSbNLSd2025-05-20l0o345.41 JAMpNLSD-111r2025-05-20w2025-05-20yBK